|
|
|
|
| LEADER |
00000nam a22000007a 4500 |
| 005 |
20190924132042.0 |
| 007 |
cr|||| |||| |
| 008 |
190924c20009999co fr|w s|||| 0|||b1spa d |
| 022 |
|
|
|a 0121-3628
|
| 035 |
|
|
|a 22377
|
| 040 |
|
|
|a vLex
|
| 090 |
|
|
|c 9631
|d 9631
|
| 245 |
0 |
0 |
|a Revistas Estudios de Filosofa̕
|h [Recurso electrn̤ico] /
|
| 256 |
|
|
|a Servicio en ln̕ea
|
| 260 |
|
|
|a Medelln̕:
|b Universidad de Antioquia,
|c 2000 -
|
| 300 |
|
|
|a 1 recurso electrn̤ico
|
| 310 |
|
|
|a Semestral
|
| 506 |
1 |
|
|a Disponible solo en los productos indicados
|d vLex Global
|d vLex Global (Academic Edition, excluding Law Schools)
|d vLex Global (U.S. Academic Edition, Law Schools)
|d vLex Global (U.S. Academic Edition, excluding Law Schools)
|d vLex Global (Academic Edition, Law Schools)
|
| 650 |
0 |
4 |
|a Filosofa̕ y religin̤
|z Colombia
|
| 740 |
0 |
|
|a vLex Revistas (Servicio en ln̕ea)
|
| 856 |
4 |
0 |
|u http://vlex.com/source/revistas-estudios-filosofia-22377
|z Acceso restringido
|
| 942 |
|
|
|c REV
|
| 999 |
0 |
|
|a Philosophy and religion
|